| 000 | 00879nam a2200265 a 4500 | ||
|---|---|---|---|
| 008 | |||
| 020 | _a3131079118 (hbk.) | ||
| 049 | _aMAIN | ||
| 090 |
_aRC691.6.A53 _bVAS |
||
| 245 | 1 | 0 |
_aVascular and interventional radiology : _bprinciples and practice/Curtis W. Bakal, James E. Silberzweig, Jacob Cynamon and Seymour Sprayregen. |
| 260 |
_aNew York : _bThieme Medical Publishers , _cc2002. |
||
| 300 |
_axiii,480p. : _bill. ; _c28cm. |
||
| 504 | _aIncludes bibliographical references. | ||
| 500 | _aIncludes index. | ||
| 650 | 1 | _aBlood-vessels-imaging. | |
| 700 | _aSprayregen, Seymour | ||
| 700 | _aCynamon, Jacob | ||
| 700 | _aSilberzweig, James. E | ||
| 700 | _aBakal, Curtis W | ||
| 907 |
_a.b10184958 _b02-03-09 _c11-01-06 |
||
| 003 | |||
| 005 | 20230123134136.0 | ||
| 040 | _cNUST | ||
| 942 |
_cBOOKS _kRC691.6.A53 _mVAS |
||
| 999 |
_c160786 _d160786 |
||